| 000 | 00833nam a22002177a 4500 | ||
|---|---|---|---|
| 003 | 0 | ||
| 005 | 20250129103621.0 | ||
| 008 | 150923b xxu||||| |||| 00| 0 eng d | ||
| 050 |
_aPGS HQ 1075 _b.M196 2015 |
||
| 100 | _aMagnata, John Stephen S. | ||
| 245 |
_aGender and responsibility / _cJohn Stephen S. Magnata. |
||
| 260 |
_aLas PiƱas City, Philippines : _bSouthville International School and Colleges, _c2015. |
||
| 300 |
_a21 p. : _bill. ; _c28 cm. _fPASS |
||
| 504 | _aIncludes bibliographical references. | ||
| 650 |
_2Library of Congress Subject Headings _aGender identity in children. |
||
| 650 |
_2Library of Congress Subject Headings _aResponsibility _vPsychological aspects. |
||
| 650 | _aSex roles in children. | ||
| 650 |
_aChildren _vPsychology. |
||
| 650 | _aMoral development in children. | ||
| 942 |
_2lcc _cPASS |
||
| 999 |
_c288720 _d288720 |
||